000 00545cam a2200169 4500
008 170908n 000 0 eng u
022 _a1743-9914
035 _a(Sirsi) a204527
050 _aRF286 com 2016
245 _aCommunity ear and hearing health.
260 _aEdinburgh :
_b ICTHES World Care
_c 2016
310 _airregular
362 _aVol. 13, No. 17, 2016
520 _acontains information aimed at Increasing community awareness of ear and hearing health in primary health care
650 _aHearing Disorders.
780 _a
999 _c37511
_d37511